1489 1255 1553 1717 1766 1529 1003 1178 1648 1146 1911 1556 1871 1026 1255 1479 1723 1493 1676 1967 1674 1846 1374 1027 1320 1567 1470 1009 1175 1731 1905 1176 1945 1903 1879 1063 1364 1230 1934 1760 1431 1485 1449 1241 1530 1056 1183 1061 1901 1749 1833 1331 1722 1935 1819 1909 1020 1151 1889 1094 1366 1853 1382 1677 1879 1061 1238 1908 1954 1615 1536 1023 1918 1025 1568 1224 1270 1484 1993 1935 1587 1582 1388 1785 1331 1115 1925 1423 1313 1648 1569 1817 1951 1491 1460 1814 1421 1873 1884 BCNSPRNW ULIB Ver.6.0+V

เปลี่ยนเป็นภาษาไทย

Change to English
 แสดงรายละเอียดบรรณานุกรม
  กลับหน้าหลัก

Brief Record : Get Marc (ISO 2709) : E-mail record : QR code < ปิดหน้าต่าง
LEADER : 00000nam 2200000uu 4500
001    13399113527
003     ULIB
008    110627s2544||||th 000 0 tha d
020    97897447296
090    นว.^bร942ฮ ล.4 2544
100 0  โรว์ลิ่ง, เจ.เค.
245 00 แฮร์รี่ พอตเตอร์ กับถ้วยอัคนี เล่ม4/^cโรว์ลิ่ง, เจ.เค.
250    พิมพ์ครั้งที่ 1
260    กรุงเทพฯ :^bนานมีบุ๊คส์,^c2544
300    832 หน้า
710 1  นานมีบุ๊คส์
945    ^p0^l0^i014150
945    ^p0^l0^i021005
995    ทศพร
999 ^a ใช้งานได้ทุกระบบ
รายการนี้ยังไม่มีแท็ก
คุณยังไม่ได้ล็อกอิน คุณสามารถมีกิจกรรมร่วมกับเว็บไซต์ได้ แต่ต้องล็อกอินก่อน ::
  ล็อกอิน

รายการสื่อสารสนเทศ

ลำดับที่ ประเภท เลขเรียก/บาร์โค้ด สถานที่ สถานะ
1. นวนิยาย
นวนิยาย
นว. ร942ฮ ล.4 2544 ฉ.1 
  Barcode: 014150
ห้องสมุดวิทยาเขตสวรรค์ประชารักษ์
►นวนิยาย
บนชั้น
  ขอยืม
2. นวนิยาย
นวนิยาย
นว. ร942ฮ ล.4 2544 ฉ.2 
  Barcode: 021005
ห้องสมุดวิทยาเขตนครสวรรค์
►นวนิยาย:l:Fiction
บนชั้น

รายการใกล้เคียง
    ผู้แต่ง [โรว์ลิ่ง, เจ.เค.]

BibComment


ยังไม่เคยถูกคอมเมนท์

คอมเมนท์ทรัพยากรรายการนี้
  คอมเมนท์: แฮร์รี่ พอตเตอร์ ..


 Copyright 2026. Bcnsprnw @Library